[Event "Golden time"]
[Site "SchemingMind.com"]
[Date "2011.10.11"]
[Round "-"]
[White "Clive Everill"]
[Black "John Hamer"]
[Result "0-1"]
[WhiteCountry "CZE"]
[BlackCountry "ENG"]
[WhiteElo "1790"]
[WhiteRD "52"]
[BlackElo "1995"]
[BlackRD "65"]
[GameID "294961"]

1. e4 c6 2. d4 d5 3. Nd2 g6 4. c3 Bg7 5. Bd3 Nh6 6. Ne2 O-O 7. O-O f6 8. f4 e5 9. fxe5 fxe5 10. dxe5 Nf7
11. exd5 Nxe5 12. Bc2 cxd5 13. Nd4 Bg4 14. Qe1 Nbc6 15. N4b3 Qb6+ 16. Kh1 Rae8 17. Rxf8+ Bxf8 18. Qf1 Bd7 19. Nb1 Ng4 20. h3 Nf2+
21. Kh2 Bd6+ 22. g3 Bxh3 23. Qxh3 Nxh3 24. Kxh3 Qg1 25. Bf4 Qh1+
0-1

[Event "Golden time"]
[Site "SchemingMind.com"]
[Date "2011.10.11"]
[Round "-"]
[White "John Hamer"]
[Black "Clive Everill"]
[Result "1-0"]
[WhiteCountry "ENG"]
[BlackCountry "CZE"]
[WhiteElo "1995"]
[WhiteRD "65"]
[BlackElo "1790"]
[BlackRD "52"]
[GameID "294968"]

1. d4 Nf6 2. c4 Nc6 3. Nf3 d6 4. Nc3 g6 5. g3 Bg7 6. Bg2 a6 7. O-O O-O 8. Qc2 Nb4 9. Qb3 c5 10. dxc5 dxc5
11. Rd1 Qe8 12. Be3 b6 13. a3 Nc6 14. Ne5 Bb7 15. Qxb6 Rb8 16. Bxc6 Bxc6 17. Qxc6 Qxc6 18. Nxc6 Rxb2 19. Bxc5 Nh5 20. Nxe7+ Kh8
21. Rac1 Re8 22. e3 Bf6 23. Ncd5 Bg5 24. Bd4+ Bf6 25. Nxf6 Rxe7 26. Nxh5+
1-0

[Event "Golden time"]
[Site "SchemingMind.com"]
[Date "2011.10.13"]
[Round "-"]
[White "Ronald R. Nurmi"]
[Black "kenneth m day"]
[Result "1-0"]
[WhiteCountry "USA"]
[BlackCountry "USA"]
[WhiteElo "1904"]
[WhiteRD "75"]
[BlackElo "1897"]
[BlackRD "56"]
[GameID "295103"]

1. d4 d5 2. Bf4 c5 3. e3 Nf6 4. c3 Nc6 5. Nd2 Bf5 6. Qb3 Qd7 7. Ngf3 a6 8. dxc5 e6 9. Nd4 Bg6 10. Qa3 e5
11. Nxc6 Qxc6 12. Bxe5 Bxc5 13. b4 Be7 14. Be2 O-O 15. O-O Rfe8 16. Nf3 Ne4 17. Qb2 Bd8 18. Rac1 Rc8 19. Nd4 Qd7 20. Bf4 Bc7
21. Bxc7 Qxc7 22. h3 Qe5 23. f4 Qf6 24. f5 Ng3 25. fxg6 Nxf1 26. gxf7+ Qxf7 27. Rxf1 Qg6 28. Qd2 Re5 29. Bg4 Rce8 30. Nf3 Rxe3
31. Qxd5+ Kh8 32. Ng5 R3e7 33. Nf7+ Rxf7 34. Qxf7
1-0

[Event "Golden time"]
[Site "SchemingMind.com"]
[Date "2011.10.13"]
[Round "-"]
[White "TRH"]
[Black "Vladimir2011"]
[Result "1-0"]
[WhiteCountry "ENG"]
[BlackCountry "BLR"]
[WhiteElo "2148"]
[WhiteRD "68"]
[BlackElo "1854"]
[BlackRD "143"]
[GameID "295105"]

1. e4 Nf6 2. e5 Nd5 3. d4 d6 4. Nf3 Bg4 5. Be2 e6 6. O-O Be7 7. c4 Nb6 8. Nc3 dxe5 9. Nxe5 Bxe2 10. Qxe2 N8d7
11. Rd1 O-O 12. Rd3 Bg5 13. Nxd7 Nxd7 14. d5 e5 15. Bxg5 Qxg5 16. Re1 f5 17. Nb5 e4 18. Rg3 Qf4 19. Nd4 Rf7 20. f3 Nc5
21. fxe4 fxe4 22. Rf1 Qe5 23. Rxf7 Qxd4+ 24. Qf2 Qd1+ 25. Qf1 Qxf1+ 26. Rxf1 Nd3 27. b3 Re8 28. Re3 c6 29. d6 Re6 30. d7 Rd6
31. Rxe4
1-0

[Event "Golden time"]
[Site "SchemingMind.com"]
[Date "2011.10.13"]
[Round "-"]
[White "kenneth m day"]
[Black "Ronald R. Nurmi"]
[Result "0-1"]
[WhiteCountry "USA"]
[BlackCountry "USA"]
[WhiteElo "1897"]
[WhiteRD "56"]
[BlackElo "1904"]
[BlackRD "75"]
[GameID "295106"]

1. e4 d5 2. exd5 Qxd5 3. Nc3 Qd6 4. d4 Nf6 5. Nf3 a6 6. g3 Bg4 7. Bg2 c6 8. Bf4 Qd8 9. Qd3 e6 10. Nh4 Bd6
11. Bxd6 Qxd6 12. h3 Bh5 13. g4 Bg6 14. Nxg6 hxg6 15. O-O-O Nbd7 16. Kb1 O-O 17. f3 Rad8 18. h4 Nh7 19. Qe3 Ndf6 20. h5 gxh5
21. gxh5 Qg3 22. Rdg1 Ng4 23. Qd2 Nf2 24. Ne4 Nxe4 25. fxe4 c5 26. c3 cxd4 27. cxd4 Qe5 28. Rd1 Qg5 29. Qf2 Nf6 30. h6 g6
31. Rd3 Nh7 32. Rg3 Qe7 33. d5 e5 34. Bf1 Ng5 35. Qe3 f6 36. Bc4 Kh7 37. Rgg1 Rc8 38. Bb3 Qd6 39. Bc2 Qc5 40. Qd3 Qc4
41. Qe3 Qxc2+
0-1

[Event "Golden time"]
[Site "SchemingMind.com"]
[Date "2011.10.13"]
[Round "-"]
[White "Vladimir2011"]
[Black "TRH"]
[Result "0-1"]
[WhiteCountry "BLR"]
[BlackCountry "ENG"]
[WhiteElo "1854"]
[WhiteRD "143"]
[BlackElo "2148"]
[BlackRD "68"]
[GameID "295108"]

1. d4 Nf6 2. c4 e5 3. dxe5 Ng4 4. Nf3 Bc5 5. e3 Nc6 6. a3 a5 7. Qd5 Qe7 8. Bd2 Ngxe5 9. Nc3 d6 10. Nxe5 Nxe5
11. Be2 f5 12. g3 c6 13. Qg2 Be6 14. b3 O-O 15. h3 Rad8 16. f4 Nd7 17. O-O d5 18. cxd5 Nb6 19. Bc4 cxd5 20. Bb5 d4
21. exd4 Bxd4+ 22. Kh2 Bxb3 23. Rae1 Qc5 24. Qxb7 Nc4 25. Bxc4+ Bxc4 26. Rf3 Rb8 27. Qe7 Qc6 28. Rfe3 Rb2 29. Nb1 Rfb8
0-1

[Event "Golden time"]
[Site "SchemingMind.com"]
[Date "2011.10.20"]
[Round "-"]
[White "ichabod801"]
[Black "Lanaroon"]
[Result "1-0"]
[WhiteCountry "USA"]
[BlackCountry "ENG"]
[WhiteElo "1901"]
[WhiteRD "84"]
[BlackElo "1595"]
[BlackRD "80"]
[GameID "295366"]

1. e4 e5 2. Nf3 Nc6 3. d4 exd4 4. Nxd4 Bc5 5. Be3 Qf6 6. c3 Nge7 7. Bc4 Ne5 8. Qe2 O-O 9. Nd2 d6 10. O-O-O a5
11. f4 Nxc4 12. Qxc4 b6 13. N2f3 Ba6 14. Qb3 Bxd4 15. Nxd4 c5 16. Nf3 Be2 17. Rd2 Bxf3 18. gxf3 Nc8 19. Qd5 Na7 20. Rg1 Rad8
21. f5 Qe5 22. Qxe5 dxe5 23. Bh6 Rxd2 24. Rxg7+ Kh8 25. Kxd2 Nc6 26. Kd3 b5 27. b3 Rd8+ 28. Ke3 b4 29. c4 Rg8 30. Rxf7 Rg2
31. Rf8+ Rg8 32. f4 exf4+ 33. Kxf4 Rxf8 34. Bxf8 Kg8 35. Bxc5 Kf7 36. e5
1-0

[Event "Golden time"]
[Site "SchemingMind.com"]
[Date "2011.10.19"]
[Round "-"]
[White "krzysztof"]
[Black "Massey Ferguson"]
[Result "0-1"]
[WhiteCountry "POL"]
[BlackCountry "ENG"]
[WhiteElo "1702"]
[WhiteRD "172"]
[BlackElo "1941"]
[BlackRD "81"]
[GameID "295367"]

1. b3 Nf6 2. Bb2 e6 3. e4 Nxe4 4. Bd3 Nf6 5. Qf3 Be7 6. g4 O-O 7. Nh3 Nc6 8. Ng5 h6 9. Ne4 d5 10. Ng3 e5
11. Bf5 g6 12. Bxc8 Qxc8 13. d4 Qxg4 14. Qg2 Nxd4 15. Bxd4 Qxd4 16. c3 Qg4 17. O-O c6 18. f3 Qd7 19. Nd2 Rae8 20. Rad1 Kh7
21. Rde1 Bd6
0-1

[Event "Golden time"]
[Site "SchemingMind.com"]
[Date "2011.10.20"]
[Round "-"]
[White "Lanaroon"]
[Black "ichabod801"]
[Result "0-1"]
[WhiteCountry "ENG"]
[BlackCountry "USA"]
[WhiteElo "1595"]
[WhiteRD "80"]
[BlackElo "1901"]
[BlackRD "84"]
[GameID "295374"]

1. e4 c5 2. c4 d6 3. Nc3 Nc6 4. g3 g6 5. Bg2 Bg7 6. Nge2 Nf6 7. O-O O-O 8. d3 Rb8 9. Rb1 a6 10. e5 Nxe5
11. Bf4 Nc6 12. h3 Bd7 13. g4 b5 14. b3 bxc4 15. dxc4 e5 16. Bg5 Re8 17. Nd5 Nd4 18. Nxf6+ Bxf6 19. Bxf6 Qxf6 20. Rb2 Nf3+
21. Bxf3 Qxf3 22. Ng3 Bc6 23. Qxf3 Bxf3 24. Rd2 Rbd8 25. Re1 a5 26. Re3 e4 27. Rd5 f6 28. g5 f5 29. Nf1 Re5 30. Re1 Rxd5
31. cxd5 Rb8 32. Re3 Rb4 33. Nd2 Rd4 34. Nxf3 exf3 35. Rxf3 Rxd5 36. Re3 Kf7 37. Kf1 Re5 38. Ke2 Ke6 39. Kd3 f4 40. Rxe5+ Kxe5
41. f3 d5 42. Kc3 Kf5 43. h4 Ke5 44. a3 Kf5 45. Kd3 d4 46. Kc4 Ke5 47. Kd3 Kd5 48. Kc2 Kc6 49. a4 Kd5 50. Kd3 c4+
51. bxc4+ Kc5 52. Kc2 Kxc4 53. Kd2 d3 54. Kd1 Kc3 55. Kc1 d2+ 56. Kd1 Kd3
0-1

[Event "Golden time"]
[Site "SchemingMind.com"]
[Date "2011.10.18"]
[Round "-"]
[White "Massey Ferguson"]
[Black "krzysztof"]
[Result "1-0"]
[WhiteCountry "ENG"]
[BlackCountry "POL"]
[WhiteElo "1941"]
[WhiteRD "81"]
[BlackElo "1702"]
[BlackRD "172"]
[GameID "295375"]

1. e4 b6 2. d4 e6 3. Bd3 d5 4. e5 Bb7 5. Nf3 c5 6. c3 c4 7. Bc2 Bc6 8. O-O Nd7 9. Ng5 Nh6 10. Be3 Be7
11. f4 g6 12. Nd2 f6 13. Nxe6 Qc8 14. f5 Nf8 15. Bxh6 Nxe6 16. fxe6 f5 17. Bg7 Rg8 18. Bf6 Bf8 19. e7 Bxe7 20. Bxe7 Kxe7
21. Qe1
1-0

[Event "Golden time"]
[Site "SchemingMind.com"]
[Date "2011.11.11"]
[Round "-"]
[White "emvarela"]
[Black "Aadsje"]
[Result "0-1"]
[WhiteCountry "ARG"]
[BlackCountry "NED"]
[WhiteElo "1787"]
[WhiteRD "47"]
[BlackElo "2226"]
[BlackRD "53"]
[GameID "296502"]

1. e4 Nf6 2. e5 Nd5 3. d4 d6 4. Nf3 g6 5. Bc4 Nb6 6. Bb3 Bg7 7. Ng5 e6 8. Qf3 Qe7 9. Ne4 dxe5 10. Bg5 Qb4+
11. c3 Qa5 12. Bf6 Bxf6 13. Qxf6 O-O 14. Qg5 N6d7 15. Qh6 exd4 16. Ng5 Qe5+ 17. Kd1 Nf6 18. Re1 Qf5 19. f3 Rd8 20. Nd2 dxc3
21. bxc3 Qd3 22. Ne4 Nxe4 23. Rxe4 Qf1+ 24. Re1 Qxg2
0-1

[Event "Golden time"]
[Site "SchemingMind.com"]
[Date "2011.11.11"]
[Round "-"]
[White "Aadsje"]
[Black "emvarela"]
[Result "1-0"]
[WhiteCountry "NED"]
[BlackCountry "ARG"]
[WhiteElo "2226"]
[WhiteRD "53"]
[BlackElo "1787"]
[BlackRD "47"]
[GameID "296512"]

1. e4 e5 2. Nf3 Nc6 3. Nc3 Nf6 4. Bb5 Bb4 5. Bxc6 dxc6 6. d3 O-O 7. Nxe5 Qd4 8. Nf3 Bxc3+ 9. bxc3 Qxc3+ 10. Bd2 Qa3
11. O-O Bg4 12. h3 Bxf3 13. Qxf3 b6 14. Qg3 g6 15. Qxc7 c5 16. Rfb1 Qa4 17. Bc3 Nh5 18. g4 Rac8 19. Qe5 f6 20. Qe6+ Kg7
21. gxh5 Rc7 22. Bxf6+ Rxf6 23. h6+
1-0

[Event "Golden time"]
[Site "SchemingMind.com"]
[Date "2011.11.18"]
[Round "-"]
[White "Massey Ferguson"]
[Black "John Hamer"]
[Result "0-1"]
[WhiteCountry "ENG"]
[BlackCountry "ENG"]
[WhiteElo "1922"]
[WhiteRD "80"]
[BlackElo "1964"]
[BlackRD "65"]
[GameID "296869"]

1. e4 c6 2. d4 d5 3. Nd2 dxe4 4. Nxe4 Nd7 5. Ng5 Ngf6 6. Bd3 Nb6 7. c3 Bg4 8. N1f3 h6 9. Ne4 e6 10. h3 Bf5
11. Ng3 Bxd3 12. Qxd3 Qc7 13. O-O Bd6 14. Ne4 Be7 15. Be3 O-O 16. b3 Rad8 17. c4 Nbd7 18. Qc2 a6 19. Rad1 b6 20. Nfd2 a5
21. Ng3 Ra8 22. f4 Rfd8 23. Rf3 a4 24. Rdf1 axb3 25. axb3 Ra7 26. f5 e5 27. dxe5 Nxe5 28. R3f2 Nd3 29. Rf3 Nb4 30. Qb1 Bd6
31. Nge4= Be5 32. Nxf6+ Bxf6 33. Qe4 Ra2 34. c5 bxc5 35. Nc4 Qa7 36. Qg4 Kh7 37. Qe4 Rd5 38. R3f2 Nd3 39. Rxa2 Qxa2 40. Qe8 Ne5
41. Qb8 Qe2 42. Bf2 Nd3
0-1

[Event "Golden time"]
[Site "SchemingMind.com"]
[Date "2011.11.18"]
[Round "-"]
[White "John Hamer"]
[Black "Massey Ferguson"]
[Result "1/2-1/2"]
[WhiteCountry "ENG"]
[BlackCountry "ENG"]
[WhiteElo "1964"]
[WhiteRD "65"]
[BlackElo "1922"]
[BlackRD "80"]
[GameID "296874"]

1. d4 Nf6 2. c4 e5 3. dxe5 Ng4 4. Bf4 Bb4+ 5. Nd2 Nc6 6. Nf3 Qe7 7. e3 Ngxe5 8. Nxe5 Nxe5 9. Be2 O-O 10. O-O Ng6
11. Bg3 Bd6 12. Bxd6 Qxd6 13. Ne4 Qxd1 14. Rfxd1 Re8 15. Bf3 Ne5 16. Be2 Nxc4 17. Bxc4 Rxe4 18. Rac1 Re7 19. b4= d6 20. b5 Be6
21. Bd5 Bxd5 22. Rxd5 Rd8 23. Kf1 Kf8 24. Rc4 Ke8 25. Ra4 Ra8 26. Rg4 g6 27. Rh5 Kd7=
1/2-1/2

[Event "Golden time"]
[Site "SchemingMind.com"]
[Date "2011.12.01"]
[Round "-"]
[White "ichabod801"]
[Black "César Jesús Reyes Maldonado"]
[Result "0-1"]
[WhiteCountry "USA"]
[BlackCountry "VEN"]
[WhiteElo "1873"]
[WhiteRD "87"]
[BlackElo "2456"]
[BlackRD "55"]
[GameID "298144"]

1. Nf3 Nf6 2. g3 d5 3. Bg2 c6 4. d3 Bf5 5. Nbd2 h6 6. b3 e6 7. Bb2 Be7 8. O-O O-O 9. c4 Nbd7 10. a3 a5
11. Qc2 Re8 12. Bc3 Bh7 13. Qb2 c5 14. Ne5 d4 15. Bxd4 cxd4 16. Qxd4 Bc5 17. Qc3 Nxe5 18. Qxe5 Bd4
0-1

[Event "Golden time"]
[Site "SchemingMind.com"]
[Date "2011.12.02"]
[Round "-"]
[White "César Jesús Reyes Maldonado"]
[Black "ichabod801"]
[Result "1-0"]
[WhiteCountry "VEN"]
[BlackCountry "USA"]
[WhiteElo "2456"]
[WhiteRD "55"]
[BlackElo "1873"]
[BlackRD "87"]
[GameID "298150"]

1. e4 c6 2. d4 d5 3. Nd2 dxe4 4. Nxe4 Bf5 5. Ng3 Bg6 6. h4 h6 7. Nf3 Nd7 8. h5 Bh7 9. Bd3 Bxd3 10. Qxd3 Ngf6
11. Bf4 e6 12. O-O-O Be7 13. Kb1 O-O 14. Ne4 Nxe4 15. Qxe4 Nf6 16. Qe2 Qd5 17. Ne5 Qe4 18. Qxe4 Nxe4 19. Rhe1 Nf6 20. g4 Bd6
21. f3 a5 22. c4 a4 23. Bg3 b5 24. Rc1 Rfc8 25. Bh4 Nh7 26. Re3 Ng5 27. c5 Bxe5 28. dxe5 Nh3 29. Re4 Ng5 30. Bxg5 hxg5
31. Rd1 Rd8 32. Rd6 Kf8 33. f4 gxf4 34. Rxf4 Ke7 35. Rfd4 Rxd6 36. cxd6+ Kd7 37. Rf4 Rf8 38. g5 c5 39. g6 f5 40. exf6
1-0

[Event "Golden time"]
[Site "SchemingMind.com"]
[Date "2011.12.20"]
[Round "-"]
[White "Ronald R. Nurmi"]
[Black "Aadsje"]
[Result "0-1"]
[WhiteCountry "USA"]
[BlackCountry "NED"]
[WhiteElo "1957"]
[WhiteRD "77"]
[BlackElo "2259"]
[BlackRD "54"]
[GameID "299412"]

1. d4 Nf6 2. Bf4 d5 3. e3 e6 4. Nd2 Bd6 5. Bg3 O-O 6. Bd3 c5 7. c3 c4 8. Bc2 Nc6 9. Bxd6 Qxd6 10. Ngf3 b5
11. a3 Bb7 12. O-O Rfe8 13. Rc1 Rad8 14. Re1 h6 15. h3 a6 16. Nf1 Qc7 17. Ng3 e5 18. dxe5 Nxe5 19. Nxe5 Rxe5 20. Nf5 Bc8
21. Nd4 Ne4 22. f3 Nc5 23. f4 Re7 24. Qh5 Rde8 25. Qxd5 Nd3 26. Bxd3 cxd3 27. Rcd1 Bb7 28. Qf5 Rxe3 29. Rxe3 Rxe3 30. Rxd3 g6
0-1

[Event "Golden time"]
[Site "SchemingMind.com"]
[Date "2011.12.19"]
[Round "-"]
[White "Aadsje"]
[Black "Ronald R. Nurmi"]
[Result "1-0"]
[WhiteCountry "NED"]
[BlackCountry "USA"]
[WhiteElo "2259"]
[WhiteRD "54"]
[BlackElo "1957"]
[BlackRD "77"]
[GameID "299418"]

1. e4 d5 2. exd5 Qxd5 3. Nc3 Qd6 4. d4 Nf6 5. Bc4 c6 6. h3 Bf5 7. Nge2 e6 8. Bf4 Qb4 9. Bd3 Bxd3 10. Qxd3 Be7
11. Bc7 b5 12. a3 Qc4 13. Qf3 b4 14. axb4 Qxb4 15. Bxb8 Qxb8 16. Qxc6+ Kf8 17. Nb5 Bd8 18. O-O g6 19. c4 Kg7 20. Ra6 Bb6
21. b3 Rc8 22. Qf3
1-0

[Event "Golden time"]
[Site "SchemingMind.com"]
[Date "2011.12.31"]
[Round "-"]
[White "John Hamer"]
[Black "César Jesús Reyes Maldonado"]
[Result "0-1"]
[WhiteCountry "ENG"]
[BlackCountry "VEN"]
[WhiteElo "1956"]
[WhiteRD "65"]
[BlackElo "2510"]
[BlackRD "54"]
[GameID "300211"]

1. d4 Nf6 2. c4 g6 3. Nf3 Bg7 4. Nc3 d5 5. Bg5 Ne4 6. Bh4 Nxc3 7. bxc3 dxc4 8. Qa4+ Nd7 9. Qxc4 c5 10. e3 cxd4
11. cxd4 Qa5+ 12. Nd2 e5 13. d5 Nb6 14. Qc7 Bd7 15. e4 f6 16. Qc2 Rc8 17. Qd3 Bh6 18. Rd1 Na4 19. Bxf6 Nb2 20. Qb3 Nxd1
21. Qxd1 Ba4
0-1

[Event "Golden time"]
[Site "SchemingMind.com"]
[Date "2011.12.31"]
[Round "-"]
[White "César Jesús Reyes Maldonado"]
[Black "John Hamer"]
[Result "1-0"]
[WhiteCountry "VEN"]
[BlackCountry "ENG"]
[WhiteElo "2510"]
[WhiteRD "54"]
[BlackElo "1956"]
[BlackRD "65"]
[GameID "300218"]

1. e4 e5 2. Nf3 Nc6 3. Bb5 Nf6 4. O-O Bc5 5. c3 Bb6 6. d4 O-O 7. Bg5 h6 8. Bh4 d6 9. a4 a5 10. Re1 exd4
11. Bxc6 bxc6 12. cxd4 Bg4 13. Nc3 g5 14. Bg3 Nh5 15. h3 Bxf3 16. Qxf3 Nxg3 17. Rad1 c5 18. dxc5 Bxc5 19. e5 Qb8 20. Qxg3 Qxb2
21. Ne4 Bb4= 22. Nxg5 Kh8 23. Qh4 Kg7 24. Re3 Qc2 25. Ne4 Qxd1+ 26. Kh2 Rfe8 27. Rg3+ Kf8 28. Nf6 Red8 29. Nh7+ Ke8 30. e6
1-0

[Event "Golden time"]
[Site "SchemingMind.com"]
[Date "2012.01.17"]
[Round "-"]
[White "Aadsje"]
[Black "César Jesús Reyes Maldonado"]
[Result "0-1"]
[WhiteCountry "NED"]
[BlackCountry "VEN"]
[WhiteElo "2293"]
[WhiteRD "55"]
[BlackElo "2530"]
[BlackRD "56"]
[GameID "301486"]

1. d4 Nf6 2. Nc3 d5 3. Nf3 c6 4. Bf4 Nbd7 5. g3 g6 6. Bg2 Bg7 7. O-O O-O 8. a4 a5 9. Qd2 Qb6 10. Rfd1 Nh5
11. Bg5 e5 12. dxe5 Nxe5 13. Nxe5 Bxe5 14. Rab1 d4 15. Na2 Re8 16. Nc1 c5 17. b3 Bf5 18. Nd3 Bf6 19. h4 Be4 20. Bf3 Bg7
21. Bxh5 gxh5 22. Re1 Qc6 23. f3 h6 24. Bf4= Bd5 25. Nb2 Re6 26. Kf2 Rae8 27. Rbd1 Qc8 28. Kg1 c4 29. Nxc4 Bxc4 30. bxc4 Qxc4
31. Qxa5 Rxe2 32. Rxe2 Qxe2 33. Qd2 Qxf3 34. Qd3 Qg4 35. Rb1 Qc8 36. Kh2 Re6 37. a5 Ra6 38. Rb5 Rc6 39. Rb2 Bh8 40. Kg2 Bf6
41. Kh2 Bd8 42. Qxd4 Rxc2+ 43. Rxc2 Qxc2+ 44. Qd2 Qxd2+ 45. Bxd2 Bc7 46. Bc3 f5 47. Kg2 Kf7 48. Kf3 Ke6 49. Bd2 Kd5
0-1

[Event "Golden time"]
[Site "SchemingMind.com"]
[Date "2012.01.17"]
[Round "-"]
[White "César Jesús Reyes Maldonado"]
[Black "Aadsje"]
[Result "1-0"]
[WhiteCountry "VEN"]
[BlackCountry "NED"]
[WhiteElo "2530"]
[WhiteRD "56"]
[BlackElo "2293"]
[BlackRD "55"]
[GameID "301493"]

1. e4 e5 2. Nf3 Nc6 3. Bb5 Nf6 4. O-O Nxe4 5. d4 Be7 6. Qe2 Nd6 7. Bxc6 bxc6 8. dxe5 Nf5 9. c4 O-O 10. Nc3 d6
11. Bf4 d5 12. Rfd1 Be6 13. h3 Qd7 14. Rac1 h6 15. Rc2 Rfd8 16. g4 Nh4 17. Nxh4 Bxh4 18. Rcd2 d4 19. Ne4 Be7 20. Rxd4 Qxd4
21. Rxd4 Rxd4 22. b3 a5 23. Bd2 Bb4 24. Bxb4 axb4 25. Kg2 Ra5 26. f4 Bd7 27. Kg3 Be8 28. g5 h5 29. Kf3 c5 30. Ke3 Ra7
31. Nxc5 Rd8 32. Ne4 g6 33. Nf6+ Kf8 34. f5 Ra5 35. Nd5 c6 36. Qd2 Rda8 37. Qxb4+ Kg7 38. f6+ Kg8 39. Ne7+ Kh7 40. Qd6
1-0